书目信息 |
| 题名: |
老年口腔疾病
|
|
| 作者: | 李同宪 , 李月彩 编著 | |
| 分册: | ||
| 出版信息: | 西安 陕西科学技术出版社 1998.10 |
|
| 页数: | 177页 | |
| 开本: | 32开 | |
| 丛书名: | ||
| 单 册: | ||
| 中图分类: | R787 | |
| 科图分类: | ||
| 主题词: | 老年病:口腔颌面部疾病 | |
| 电子资源: | ||
| ISBN: | 7-5369-2862-9 | |
| 000 | 00608nam0 2200205 45 | |
| 001 | 0105221083 | |
| 005 | 20010522100911.9 | |
| 010 | @a7-5369-2862-9@d9.30元 | |
| 100 | @a20010522d1998 km y0chiy0120 ea | |
| 101 | 0 | @achi |
| 105 | @a z 000yy | |
| 200 | 1 | @a老年口腔疾病@ALao Nian Kou Qiang Ji Bing@f李同宪,李月彩编著@FLi Tong Xian,Li Yue Cai Bian Zhu |
| 210 | @a西安@c陕西科学技术出版社@d1998.10 | |
| 215 | @a177页@d32开 | |
| 606 | 0 | @a老年病:口腔颌面部疾病 |
| 690 | @aR787@v3 | |
| 701 | 0 | @a李同宪@4编著 |
| 701 | 0 | @a李月彩@4编著 |
| 801 | @aCN@bPftUser@c20010522 | |
| 905 | @f3@b343357-359@dR787@eL900 | |
| 老年口腔疾病/李同宪,李月彩编著.-西安:陕西科学技术出版社,1998.10 |
| 177页;32开 |
| ISBN 7-5369-2862-9:9.30元 |
| ● |
| 相关链接 |
|
|
|
正题名:老年口腔疾病
索取号:R787/L900
 
预约/预借
| 序号 | 登录号 | 条形码 | 馆藏地/架位号 | 状态 | 备注 |
| 1 | 343357 | 203433579 | 自科库401/401自科库 22排1列4层/ [索取号:R787/L900] | 在馆 | |
| 2 | 343358 | 203433588 | 社科二线400B/400B社科库 32排2列2层/ [索取号:R787/L900] | 在馆 | |
| 3 | 343359 | 203433597 | 自科库401/401自科库 22排1列4层/ [索取号:R787/L900] | 在馆 |